مكتبة جامعة عجلون الوطنية

فهرس بحث المكتبة

مدى اعتماد المصارف التجارية الأردنية على تحليل مخاطر الائتمان في اتخاذ قرارات الاقراض = The Dependence of Jordanian Commercial Banks on Credit Risk Analysis in Making lending،s Dcisions (Record no. 32994)

MARC details
000 -LEADER
fixed length control field 01201nam a2200241Ii 4500
003 - CONTROL NUMBER IDENTIFIER
control field JO-AjNU
005 - DATE AND TIME OF LATEST TRANSACTION
control field 20240623124627.0
008 - FIXED-LENGTH DATA ELEMENTS--GENERAL INFORMATION
fixed length control field 230605s9999||||xx |||||||||||||| ||und||
040 ## - CATALOGING SOURCE
Original cataloging agency JO-AjNU
Language of cataloging ara
Description conventions rda
Transcribing agency JO-AjNU
041 ## - LANGUAGE CODE
Language code of text/sound track or separate title ara
100 ## - MAIN ENTRY--PERSONAL NAME
Personal name فيلالي، طارق
9 (RLIN) 64857
Relator term معد
245 ## - TITLE STATEMENT
Title مدى اعتماد المصارف التجارية الأردنية على تحليل مخاطر الائتمان في اتخاذ قرارات الاقراض = The Dependence of Jordanian Commercial Banks on Credit Risk Analysis in Making lending،s Dcisions
Statement of responsibility, etc. / اعداد طارق فيلالي ؛ اشراف علي حسين مقابلة، زياد محمد زريقات
260 ## - PUBLICATION, DISTRIBUTION, ETC.
Date of publication, distribution, etc. 2011
300 ## - PHYSICAL DESCRIPTION
Extent 121 ورقه
336 ## - CONTENT TYPE
Content type term text
Content type code txt
Source rdacontent
337 ## - MEDIA TYPE
Media type term unmediated
Media type code n
Source rdamedia
338 ## - CARRIER TYPE
Carrier type term volume
Carrier type code nc
Source rdacarrier
500 ## - GENERAL NOTE
General note رساله جامعية (ماجستير) - جامعة اليرموك، 2011
650 ## - SUBJECT ADDED ENTRY--TOPICAL TERM
Form subdivision البنوك التجارية-ائتمان-الاردن-البنوك التجارية-قروض
700 ## - ADDED ENTRY--PERSONAL NAME
Personal name علي حسين المقابلة
9 (RLIN) 64786
Relator term مشرف
700 ## - ADDED ENTRY--PERSONAL NAME
Personal name زياد محمد زريقات
9 (RLIN) 64858
Relator term مشرف مشارك
942 ## - ADDED ENTRY ELEMENTS (KOHA)
Source of classification or shelving scheme Library of Congress Classification
Koha item type Thesis
Holdings
Withdrawn status Lost status Source of classification or shelving scheme Damaged status Not for loan Home library Current library Shelving location Date acquired Total Checkouts Full call number Barcode Date last seen Price effective from Koha item type
    Library of Congress Classification     مكتبة جامعة عجلون الوطنية مكتبة جامعة عجلون الوطنية المجموعات العامة 06/06/2023   HG1642.J6.F5583.2011 A29426 06/06/2023 06/06/2023 Thesis